000 00305nam a22001337a 4500
008 170321b xxu||||| |||| 00| 0 eng d
020 _a9780323046442
041 _aeng
080 _a616.12 -008-073
100 _a7
101 _aMON
245 _aYEAR BOOK VASCULAR SURGERY
_cMONETA.G.L
942 _2udc
_cBK
999 _c8200
_d8200